Nearer, my God, to thee!: (Record no. 57204)

MARC details
000 -LEADER
fixed length control field 00789nam a22002057a 4500
005 - DATE AND TIME OF LATEST TRANSACTION
control field 20110930150459.0
010 ## - LCCN (DPL NO)
LC control number G-001674
020 ## - INTERNATIONAL STANDARD BOOK NUMBER
International Standard Book Number 9788120745957
Terms of availability 175.00
035 1d - SYSTEM CONTROL NUMBER
System control number G-001674
037 ## - SOURCE OF ACQUISITION
Source of stock number/acquisition Gift
082 ## - DEWEY DECIMAL CLASSIFICATION NUMBER
Classification number 181.4
100 ## - MAIN ENTRY--PERSONAL NAME
Personal name Vaswani, J.P.
245 ## - TITLE STATEMENT
Title Nearer, my God, to thee!:
Statement of responsibility, etc by J.P. Vaswani
Remainder of title and other heart-to-heart talks /
260 ## - PUBLICATION, DISTRIBUTION, ETC. (IMPRINT)
Place of publication, distribution, etc New Delhi
Name of publisher, distributor, etc Sterling Paperbacks
Date of publication, distribution, etc 2009
270 ## - ADDRESS
Address A-59, Okhla Industrial Area, Phase-II,
City New Delhi
Postal code 110020
300 ## - PHYSICAL DESCRIPTION
Extent 168p.
Dimensions 24cm(pbk)
942 ## - ADDED ENTRY ELEMENTS (KOHA)
Source of classification or shelving scheme Dewey Decimal Classification
Item type English Books
Classification part 181.4
Call number suffix VAS
Holdings
Withdrawn status Lost status Not for loan Collection code Home library Current library Date acquired Source of acquisition Cost, normal purchase price Full call number Barcode Copy number Cost, replacement price Koha item type
      Non-fiction Janak Puri Janak Puri 30/09/2011 gift 175.00 181.4 VAS G-001674 1 175.00 English Books

© Delhi Public Library
Hit Counter
free hit counter